| 000 | 01507nam a2200301Ia 4500 | ||
|---|---|---|---|
| 001 | ebr10404093 | ||
| 003 | CaPaEBR | ||
| 006 | m u | ||
| 007 | cr cn||||||||| | ||
| 008 | 070530s2010 flug s 000 0 eng d | ||
| 040 |
_aCaPaEBR _cCaPaEBR |
||
| 035 | _a(OCoLC)732604702 | ||
| 050 | 1 | 4 |
_aML410.S919 _bR25 2010eb |
| 100 | 1 | _aFisher, Burton D. | |
| 245 | 1 | 4 |
_aThe rake's progress _h[electronic resource] / _cadapted from the Opera Journeys Lecture Series by Burton D. Fisher. |
| 260 |
_a[Boca Raton, Fla.] : _bOpera Journeys Publishing, _c[2010] |
||
| 300 |
_a22 p. : _bmusic. |
||
| 490 | 0 | _aOpera journeys mini guide series | |
| 500 | _a"An opera in English in three acts (nine scenes and an epilogue); Music by Igor Stravinsky; Libretto: a fable by W. H. Auden and Chester Kallman after a series of engravings by William Hogarth (1732-33); Premiere: Teatro La Fenice, Venice, September 1951". | ||
| 533 |
_aElectronic reproduction. _bPalo Alto, Calif. : _cebrary, _d2010. _nAvailable via World Wide Web. _nAccess may be limited to ebrary affiliated libraries. |
||
| 600 | 1 | 0 |
_aStravinsky, Igor, _d1882-1971. _tRake's progress _xCriticism and interpretation. |
| 650 | 0 |
_aOperas _vStories, plots, etc. |
|
| 655 | 7 |
_aElectronic books. _2local |
|
| 710 | 2 | _aOpera Journeys Publishing. | |
| 710 | 2 | _aebrary, Inc. | |
| 740 | 0 | 2 | _aOpera Journeys Lecture Series. |
| 856 | 4 | 0 |
_uhttp://site.ebrary.com/lib/rucke/Doc?id=10404093 _zAn electronic book accessible through the World Wide Web; click to view |
| 999 |
_c81167 _d81167 |
||